[Event "Ibague op"]
[Site "Ibague"]
[Date "2021.10.22"]
[Round "5"]
[White "Hurtado Sarmiento, Juan Sebastian"]
[Black "Romero Saenz, Juan Sebastian"]
[Result "1/2-1/2"]
[WhiteElo "1675"]
[BlackElo "1840"]
[PlyCount "122"]
[EventDate "2021.10.20"]
[EventType "swiss"]
[EventRounds "9"]
[EventCountry "COL"]
[SourceTitle "CBM 204 Extra"]
[Source "ChessBase"]
[SourceDate "2021.11.30"]
[SourceVersion "1"]
[SourceVersionDate "2021.11.30"]
[SourceQuality "1"]

1. e4 d5 2. exd5 Qxd5 3. Nc3 Qa5 4. d4 c6 5. Qf3 Nf6 6. h3 g6 7. Bc4 Bg7 8. Nge2 0-0 9. 0-0 Qf5 10. Qxf5 Bxf5 11. Bb3 Na6 12. Ng3 Bd7 13. Re1 e6 14. Bf4 Nd5 15. Nxd5 cxd5 16. c3 Rac8 17. a4 b6 18. Bd1 Rfe8 19. Be2 Nc7 20. Bd3 f6 21. f3 e5 22. dxe5 fxe5 23. Bd2 Ne6 24. Ba6 Rc7 25. Bb5 Bxb5 26. axb5 Nc5 27. Ra2 Ree7 28. Bg5 Red7 29. Rd1 Ne6 30. Be3 d4 31. Bf2 Rc5 32. cxd4 Nxd4 33. Rda1 Rcc7 34. Bxd4 exd4 35. Ne4 d3 36. Rd1 Rc2 37. Rd2 Bd4+ 38. Kh2 Be5+ 39. g3 Rdc7 40. Ra3 Rxd2+ 41. Nxd2 Rc2 42. Rxd3 Rxb2 43. f4 Bf6 44. Kg1 Rxb5 45. Ne4 Bg7 46. Rd8+ Bf8 47. Rd7 Rf5 48. Rxa7 Rf7 49. Ra8 Rb7 50. Ng5 Re7 51. Rb8 h6 52. Rxb6 hxg5 53. Rxg6+ Rg7 54. Rxg5 Rxg5 55. fxg5 Kg7 56. h4 Kg6 57. Kg2 Be7 58. Kf3 Kf5 59. g4+ Kg6 60. Kf4 Bd6+ 61. Ke4 Bg3 1/2-1/2

[Event "Soacha op-A"]
[Site "Soacha"]
[Date "2021.09.11"]
[Round "8"]
[White "Oliveros, Camilo"]
[Black "Romero Saenz, Juan Sebastian"]
[Result "1-0"]
[WhiteElo "2191"]
[BlackElo "1820"]
[PlyCount "149"]
[EventDate "2021.09.08"]
[EventType "swiss"]
[EventRounds "10"]
[EventCountry "COL"]
[SourceTitle "CBM 204 Extra"]
[Source "ChessBase"]
[SourceDate "2021.11.30"]
[SourceVersion "1"]
[SourceVersionDate "2021.11.30"]
[SourceQuality "1"]

1. e4 g6 2. d4 Bg7 3. Nf3 d6 4. c4 Nf6 5. Nc3 0-0 6. Be2 Nc6 7. d5 Nb8 8. 0-0 Nbd7 9. Be3 e5 10. Ne1 Ne8 11. b4 f5 12. f3 fxe4 13. fxe4 Rxf1+ 14. Bxf1 Ndf6 15. Be2 Bf8 16. Nd3 b6 17. c5 a5 18. cxb6 cxb6 19. b5 Bd7 20. Nb2 Bc8 21. Nc4 Nd7 22. Na4 Rb8 23. Rc1 Nc5 24. Nxc5 bxc5 25. Qa4 Nf6 26. Bg5 Ra8 27. b6 Bd7 28. Bxf6 Bxa4 29. Bxd8 Rxd8 30. Nxa5 Bh6 31. Rb1 Bc2 32. Rb2 Bxe4 33. Nc6 Be3+ 34. Kh1 Rd7 35. b7 Rxb7 36. Rxb7 Kf8 37. Bc4 Bc2 38. Rd7 Bg5 39. Rxd6 e4 40. Re6 e3 41. d6 Bf5 42. Re5 Bf4 43. d7 Bxd7 44. Rxc5 Be6 45. Nd4 Bd7 46. Ne2 Bd6 47. Rd5 Ke7 48. Rd3 Bc5 49. Kg1 Bf5 50. Rd1 Bb4 51. Nd4 Bd7 52. Nf3 Ba4 53. Rb1 Bc5 54. Kf1 h6 55. Ke2 g5 56. Ne5 Be8 57. Ng4 Bh5 58. h3 Kd6 59. a4 Bg6 60. Rd1+ Kc7 61. Nxe3 Be4 62. Bd5 Bg6 63. Rc1 Kd6 64. a5 Be8 65. a6 Bb5+ 66. Bc4 Bc6 67. Rd1+ Ke5 68. Rd8 Kf4 69. Rc8 Bxe3 70. Rxc6 Bd4 71. Rc7 Kg3 72. Bd5 g4 73. hxg4 Kxg4 74. a7 Bxa7 75. Rxa7 1-0

[Event "COL-ch"]
[Site "Bogota"]
[Date "2018.11.06"]
[Round "1"]
[White "Herrera, Mauro Rene"]
[Black "Romero Saenz, Juan Sebastian"]
[Result "0-1"]
[WhiteElo "1607"]
[BlackElo "1898"]
[PlyCount "66"]
[EventDate "2018.11.06"]
[EventType "swiss"]
[EventRounds "9"]
[EventCountry "COL"]
[SourceTitle "CBM 187 Extra"]
[Source "ChessBase"]
[SourceDate "2018.11.04"]
[SourceVersion "1"]
[SourceVersionDate "2018.11.04"]
[SourceQuality "1"]

1. e4 e6 2. Nf3 d5 3. exd5 exd5 4. d4 Be7 5. Bd3 Nf6 6. 0-0 0-0 7. Nc3 Bg4 8. h3 Bh5 9. Be2 Nc6 10. g4 Bg6 11. Bd3 Ne4 12. Be3 f5 13. Ne5 Nxe5 14. dxe5 f4 15. Bd4 Ng5 16. h4 Ne6 17. Bxg6 hxg6 18. f3 Bxh4 19. Bf2 c6 20. Kg2 Bxf2 21. Kxf2 Qb6+ 22. Kg2 Qxb2 23. Qd3 Nc5 24. Qxg6 Qxc3 25. Rh1 Qxe5 26. Rae1 Qf6 27. Qh5 Qh6 28. Qxh6 gxh6 29. Rxh6 Kg7 30. g5 Rae8 31. Rf1 Re2+ 32. Rf2 Rxf2+ 33. Kxf2 Rf5 0-1

[Event "Gachantiva Boyaca Cup"]
[Site "Gachantiva"]
[Date "2016.06.04"]
[Round "2"]
[White "Martinez Romero, Martin"]
[Black "Romero Saenz, Juan Sebastian"]
[Result "1-0"]
[WhiteElo "2409"]
[BlackElo "1918"]
[PlyCount "51"]
[EventDate "2016.06.04"]
[EventType "swiss"]
[EventRounds "6"]
[EventCountry "COL"]
[SourceTitle "CBM 172 Extra"]
[Source "ChessBase"]
[SourceDate "2016.06.21"]
[SourceVersion "1"]
[SourceVersionDate "2016.06.21"]
[SourceQuality "1"]

1. e4 c5 2. Nf3 d6 3. d4 cxd4 4. Nxd4 Nf6 5. Nc3 a6 6. Bc4 Qc7 7. Bb3 e6 8. Be3 Be7 9. g4 h6 10. h4 Nc6 11. Rg1 Bd7 12. g5 hxg5 13. hxg5 Nxd4 14. gxf6 Nxb3 15. fxg7 Rg8 16. axb3 0-0-0 17. Qd4 Bc6 18. b4 e5 19. Qd1 Bf6 20. b5 axb5 21. Nd5 Bxd5 22. Qxd5 Qc4 23. Ra8+ Kc7 24. Rxd8 Bxd8 25. Qxc4+ bxc4 26. Bh6 1-0

[Event "Tercer Piso op"]
[Site "Tercer Piso"]
[Date "2015.03.23"]
[Round "6"]
[White "Romero Saenz, Juan Sebastian"]
[Black "Soto, Cristian Camilo"]
[Result "1-0"]
[WhiteElo "1876"]
[BlackElo "2072"]
[PlyCount "69"]
[EventDate "2015.03.21"]
[EventType "swiss"]
[EventRounds "7"]
[EventCountry "COL"]
[SourceTitle "CBM 165 Extra"]
[Source "ChessBase"]
[SourceDate "2015.04.21"]
[SourceVersion "1"]
[SourceVersionDate "2015.04.21"]
[SourceQuality "1"]

1. d4 Nf6 2. c4 e5 3. dxe5 Ng4 4. Nf3 Nc6 5. e4 Ngxe5 6. Be2 g6 7. 0-0 Bg7 8. Nc3 0-0 9. Nxe5 Nxe5 10. f4 Nc6 11. Be3 d6 12. Qd2 f5 13. Rad1 Be6 14. b3 fxe4 15. Nxe4 Bf5 16. Bf3 Qe7 17. Ng3 Kh8 18. Nxf5 gxf5 19. Rfe1 Qf6 20. Bf2 Rae8 21. Bd5 Qc3 22. Rxe8 Rxe8 23. Qxc3 Bxc3 24. Kf1 a5 25. g3 Kg7 26. c5 dxc5 27. Bxc6 bxc6 28. Rd7+ Kg6 29. Rxc7 Re6 30. Bxc5 Re1+ 31. Kf2 Ra1 32. Rxc6+ Kh5 33. h3 Rxa2+ 34. Kf3 Bg7 35. Bf2 1-0

[Event "COL-ch Amateur"]
[Site "Villavicencio"]
[Date "2015.02.18"]
[Round "2"]
[White "Romero Saenz, Juan Sebastian"]
[Black "Gomez, Carlos Alberto"]
[Result "1/2-1/2"]
[WhiteElo "1926"]
[BlackElo "1770"]
[PlyCount "82"]
[EventDate "2015.02.18"]
[EventType "swiss"]
[EventRounds "9"]
[EventCountry "COL"]
[SourceTitle "CBM 165 Extra"]
[Source "ChessBase"]
[SourceDate "2015.04.21"]
[SourceVersion "1"]
[SourceVersionDate "2015.04.21"]
[SourceQuality "1"]

1. d4 e6 2. c4 Nf6 3. a3 b6 4. Nf3 Bb7 5. Nc3 Be7 6. e3 0-0 7. Be2 d5 8. b3 c5 9. 0-0 Nc6 10. Bb2 cxd4 11. Nxd4 Nxd4 12. Qxd4 dxc4 13. Bxc4 Qxd4 14. exd4 Rfd8 15. Rfd1 Rac8 16. h3 a6 17. Be2 Rc7 18. Rac1 h6 19. Na4 Rxc1 20. Rxc1 b5 21. Nc5 Bc8 22. b4 Nd5 23. Bf3 Nb6 24. Rd1 Nc4 25. Bc1 Bf6 26. d5 exd5 27. Rxd5 Re8 28. Kf1 Be6 29. Rd1 Ne5 30. Bb7 Bc4+ 31. Kg1 Be2 32. Re1 Nc4 33. Bf3 Rc8 34. Rxe2 a5 35. bxa5 Nxa5 36. Be3 Kh7 37. Re1 Bb2 38. Be2 Bxa3 39. Ra1 Bxc5 40. Bxc5 Nb3 41. Rb1 Nxc5 1/2-1/2